[Event "IND-chT 37th"]
[Site "Bhopal"]
[Date "2017.02.03"]
[Round "3.2"]
[White "Swayams, Mishra"]
[Black "Sameer, Ghotane"]
[Result "1-0"]
[WhiteElo "2460"]
[BlackElo "1933"]
[PlyCount "79"]
[EventDate "2017.02.02"]
[EventType "team-swiss"]
[EventRounds "9"]
[EventCountry "IND"]
[SourceTitle "CBM 176 Extra"]
[Source "ChessBase"]
[SourceDate "2017.03.02"]
[SourceVersion "1"]
[SourceVersionDate "2017.03.02"]
[SourceQuality "1"]
[WhiteTeam "Air India"]
[BlackTeam "Karnataka"]
[WhiteTeamCountry "IND"]
[BlackTeamCountry "IND"]

1. d4 d5 2. c4 c6 3. Nf3 Nf6 4. e3 Bf5 5. Nc3 a6 6. a4 e6 7. Qb3 Ra7 8. a5 c5 9. Qb6 Nc6 10. Ne5 Qa8 11. cxd5 exd5 12. Bb5 Bd7 13. Be2 Bd6 14. Nxc6 Bxc6 15. Qb3 0-0 16. 0-0 Qd8 17. Bd2 c4 18. Qa2 Re8 19. b3 cxb3 20. Qxb3 Bc7 21. Qa3 h5 22. Bf3 Re6 23. g3 h4 24. Rfc1 Ra8 25. Be1 hxg3 26. hxg3 Nh7 27. Qa2 Qg5 28. Bxd5 Rh6 29. Bxc6 bxc6 30. Qe2 Nf6 31. Qf3 Ng4 32. Ne4 Qh5 33. Rc5 Qh2+ 34. Kf1 Qh3+ 35. Ke2 Nh2 36. Qxf7+ Kh8 37. Bc3 Bxg3 38. Rg5 Rg8 39. Rxg3 Qh4 40. d5 1-0

[Event "Mumbai Wealth op"]
[Site "Mumbai"]
[Date "2016.02.03"]
[Round "7"]
[White "Praggnanandhaa, Rameshbabu"]
[Black "Sameer, Ghotane"]
[Result "1-0"]
[WhiteElo "2174"]
[BlackElo "1938"]
[PlyCount "68"]
[EventDate "2016.01.28"]
[EventType "swiss"]
[EventRounds "9"]
[EventCountry "IND"]
[SourceTitle "CBM 170 Extra"]
[Source "ChessBase"]
[SourceDate "2016.02.25"]
[SourceVersion "1"]
[SourceVersionDate "2016.02.25"]
[SourceQuality "1"]

1. b3 e5 2. Bb2 Nc6 3. e3 Nf6 4. Bb5 Bd6 5. Na3 Na5 6. Be2 Be7 7. d4 exd4 8. exd4 Ne4 9. c3 d5 10. Nc2 0-0 11. Nf3 Bf6 12. 0-0 Re8 13. Ne3 Qd6 14. Re1 Nc6 15. Bd3 Ne7 16. Nxd5 Nxd5 17. Rxe4 Bd7 18. Qd2 Rxe4 19. Bxe4 Re8 20. Re1 c6 21. Ne5 Be6 22. Nd3 Rd8 23. Qc2 b6 24. h3 g6 25. a3 Bg7 26. Bf3 Bf5 27. Bg4 Bxd3 28. Qxd3 Nf4 29. Qe3 Bh6 30. Qg3 c5 31. Rd1 f5 32. Bf3 Re8 33. Qh4 Ne2+ 34. Kh1 Bg7 1-0

[Event "Mumbai Wealth op"]
[Site "Mumbai"]
[Date "2016.01.29"]
[Round "2"]
[White "Sameer, Ghotane"]
[Black "Navalgund, Niranjan"]
[Result "0-1"]
[WhiteElo "1938"]
[BlackElo "2223"]
[PlyCount "62"]
[EventDate "2016.01.28"]
[EventType "swiss"]
[EventRounds "9"]
[EventCountry "IND"]
[SourceTitle "CBM 170 Extra"]
[Source "ChessBase"]
[SourceDate "2016.02.25"]
[SourceVersion "1"]
[SourceVersionDate "2016.02.25"]
[SourceQuality "1"]

1. d4 Nf6 2. c4 Nc6 3. Nf3 e6 4. a3 d6 5. Nc3 g6 6. e4 Bg7 7. Be2 0-0 8. 0-0 Re8 9. Re1 e5 10. d5 Nd4 11. Be3 Nxe2+ 12. Rxe2 h6 13. Rc2 Ng4 14. Bd2 f5 15. b4 Nf6 16. Be3 f4 17. Bc1 g5 18. Ne1 Bf8 19. Nd3 Re7 20. f3 h5 21. a4 Rg7 22. Kh1 g4 23. Ne2 Nh7 24. Ng1 Be7 25. c5 Bh4 26. Nf2 Bxf2 27. Rxf2 g3 28. Rc2 gxh2 29. Kxh2 Qh4+ 30. Nh3 Rg3 31. Qf1 Ng5 0-1